Things Named for Places - Statistics

General Stats
  • This quiz has been taken 224 times
  • The average score is 7 of 20
Answer Stats
Hint Answer % Correct
Two piece bathing suit Bikini
94%
Sparkling wine Champagne
86%
Men's formal wear Tuxedo
61%
Unconventional lifestyle of artists, writers etc. Bohemian
52%
Sweet pastry Danish
48%
Ground beef sandwich Hamburger
48%
Place having waters with health giving properties Spa
47%
Mid-calf pants Capris
46%
Coffee Java
43%
Hot sauce Tabasco
42%
Reddish-purple color Magenta
28%
Envelope Manila
28%
Hot water spring Geyser
23%
Drugged and forced into service on a ship Shanghaied
23%
US advertising industry Madison Ave
21%
The point of no return Rubicon
9%
Complex, difficult to understand law or organization Byzantine
8%
Rundown area of a US city Skid row
8%
Noise signifying derision Bronx cheer
7%
Vehicle manufacturer Vauxhall
2%
No matching quizzes found
Score Distribution
Percent of People with Each Score
Percentile by Number Answered
Your Score History
You have not taken this quiz